000 00446nam a22001697a 4500
999 _c3751
_d3751
008 200629b ||||| |||| 00| 0 eng d
082 0 0 _a338.272803
_bM931
100 _93076
_aMoureau, M.
245 1 0 _aDictionary of petroleum technology /
_cby M. Moureau and G. Brace
250 _a2nd ed.
260 _aParis
_bTechnip
_c1979
300 _axv, 946 p.
650 0 _aLubricants
650 0 _aPetroleum
700 _93077
_aBrace, G.
942 _cBK